| 000 | 00446nam a2200157 i 4500 | ||
|---|---|---|---|
| 001 | 33974 | ||
| 003 | ES-MaACL | ||
| 005 | 20230906154843.0 | ||
| 007 | t| | ||
| 008 | 030203s1911 gw ||||1| ger d | ||
| 100 | 1 |
_aBoden, Friedrich. _929700 |
|
| 245 | 1 | 4 |
_aDie instinktbedingtheit der wahrheit und erfahrung / _cvon Friedrich Boden. |
| 260 |
_aBerlin : _bLeonhard Simion, _c1911. |
||
| 300 |
_a80 p. ; _c24 cm. |
||
| 852 |
_aES-MaACL _jT-1211-F-5 |
||
| 999 |
_c33974 _d33974 |
||